Introduction to finite element analysis (Record no. 10089)

MARC details
000 -LEADER
fixed length control field 00557nam a2200181Ia 4500
003 - CONTROL NUMBER IDENTIFIER
control field IN-BaIIA
008 - FIXED-LENGTH DATA ELEMENTS--GENERAL INFORMATION
fixed length control field 211028s9999 xx 000 0 eng d
020 ## - INTERNATIONAL STANDARD BOOK NUMBER
International Standard Book Number 0-07-040641-3
040 ## - CATALOGING SOURCE
Transcribing agency IIA Library
080 ## - UNIVERSAL DECIMAL CLASSIFICATION NUMBER
Universal Decimal Classification number 517.949
Item number MAR
100 ## - MAIN ENTRY--PERSONAL NAME
Personal name Martin, Harold C.
9 (RLIN) 17064
245 #0 - TITLE STATEMENT
Title Introduction to finite element analysis
Statement of responsibility, etc. Harold C.Martin
260 ## - PUBLICATION, DISTRIBUTION, ETC.
Place of publication, distribution, etc. New York
Name of publisher, distributor, etc. McGraw-Hill
Date of publication, distribution, etc. 1973
300 ## - PHYSICAL DESCRIPTION
Extent xiii, 386p.
650 ## - SUBJECT ADDED ENTRY--TOPICAL TERM
Topical term or geographic name entry element Astronomy and Astrophysics Thesaurus
650 ## - SUBJECT ADDED ENTRY--TOPICAL TERM
Topical term or geographic name entry element Finite elements
9 (RLIN) 17065
942 ## - ADDED ENTRY ELEMENTS (KOHA)
Koha item type Books
Holdings
Withdrawn status Lost status Damaged status Not for loan Home library Current library Shelving location Date acquired Total Checkouts Full call number Barcode Date last seen Price effective from Koha item type
        IIA Library-Bangalore IIA Library-Bangalore General Stacks     517.949/ MAR 10999 05/11/2021   Books

Powered by Koha